Detalles MARC
| 000 -CABECERA |
| campo de control de longitud fija |
00990cam a2200301 a 4500 |
| 001 - NÚMERO DE CONTROL |
| campo de control |
000006534 |
| 003 - IDENTIFICADOR DEL NÚMERO DE CONTROL |
| campo de control |
DO-SdBNP |
| 005 - FECHA Y HORA DE LA ÚLTIMA TRANSACCIÓN |
| campo de control |
20251028115654.0 |
| 008 - DATOS DE LONGITUD FIJA--INFORMACIÓN GENERAL |
| campo de control de longitud fija |
830115s1981 ve b 001 0bspa |
| 010 ## - NÚMERO DE CONTROL DE LA BIBLIOTECA DEL CONGRESO |
| Número de control de LC |
82112656 |
| 020 ## - NÚMERO INTERNACIONAL ESTÁNDAR DEL LIBRO |
| Número Internacional Estándar del Libro |
8449948967 |
| 040 ## - FUENTE DE LA CATALOGACIÓN |
| Centro catalogador/agencia de origen |
DO-SdBNP |
| Centro/agencia transcriptor |
DLC |
| Centro/agencia modificador |
DLC |
| -- |
OCoLC |
| 050 00 - SIGNATURA TOPOGRÁFICA DE LA BIBLIOTECA DEL CONGRESO |
| Número de clasificación |
PQ8549.B3 |
| Número de documento/Ítem |
Z585 1981 |
| 082 00 - NÚMERO DE LA CLASIFICACIÓN DECIMAL DEWEY |
| Número de clasificación |
861 |
| -- |
B |
| Número de edición |
19 |
| 245 00 - MENCIÓN DE TÍTULO |
| Título |
Antologia del bellismo en Venezuela / |
| Mención de responsabilidad, etc. |
seleccion y prologo de Pedro Grases. |
| 250 ## - MENCIÓN DE EDICIÓN |
| Mención de edición |
2a ed. aum. |
| 260 ## - PUBLICACIÓN, DISTRIBUCIÓN, ETC. |
| Lugar de publicación, distribución, etc. |
Caracas : |
| Nombre del editor, distribuidor, etc. |
Monte Avila Editores, |
| Fecha de publicación, distribución, etc. |
c1981. |
| 300 ## - DESCRIPCIÓN FÍSICA |
| Extensión |
478 p. ; |
| Dimensiones |
16 cm. |
| 490 0# - MENCIÓN DE SERIE |
| Mención de serie |
Coleccion El Dorado |
| 504 ## - NOTA DE BIBLIOGRAFÍA, ETC. |
| Nota de bibliografía, etc. |
Includes bibliographical references and index. |
| 600 10 - PUNTO DE ACCESO ADICIONAL DE MATERIA--NOMBRE DE PERSONA |
| Nombre de persona |
Bello, Andres, |
| Fechas asociadas al nombre |
1781-1865. |
| 9 (RLIN) |
18145 |
| 650 #0 - PUNTO DE ACCESO ADICIONAL DE MATERIA--TÉRMINO DE MATERIA |
| Término de materia o nombre geográfico como elemento de entrada |
Authors, venezuelan |
| Subdivisión cronológica |
19th century |
| Subdivisión general |
Biography. |
| 9 (RLIN) |
18146 |
| 650 #4 - PUNTO DE ACCESO ADICIONAL DE MATERIA--TÉRMINO DE MATERIA |
| Término de materia o nombre geográfico como elemento de entrada |
Statesmen |
| Subdivisión geográfica |
Venezuela |
| Subdivisión general |
Biography. |
| 9 (RLIN) |
18147 |
| 650 #4 - PUNTO DE ACCESO ADICIONAL DE MATERIA--TÉRMINO DE MATERIA |
| Término de materia o nombre geográfico como elemento de entrada |
Scholars |
| Subdivisión geográfica |
Venezuela |
| Subdivisión general |
Biography. |
| 9 (RLIN) |
18148 |
| 700 1# - PUNTO DE ACCESO ADICIONAL--NOMBRE DE PERSONA |
| Nombre de persona |
Grases, Pedro, |
| Fechas asociadas al nombre |
1909- |
| 9 (RLIN) |
6755 |
| 910 ## - DATOS DE OPCIÓN DEL USUARIO (OCLC) |
| Datos de opción del usuario |
Catalogación original noche |
| 942 ## - ELEMENTOS DE PUNTO DE ACCESO ADICIONAL (KOHA) |
| Fuente del sistema de clasificación o colocación |
Dewey Decimal Classification |
| Tipo de ítem Koha |
Libro |